Slovensko potichu obmedzilo daňové prázdniny
Novelou zákona o daniach z príjmov v júni 2002 poslanci obmedzili poskytovanie daňových prázdnin pre zahraničných investorov. O daňových prázdninách bude rozhodovať Úrad pre štátnu pomoc (ÚŠP). Obmedzenia pre zahraničných investorov. Problém, čo s investormi, ktorí už daňové prázdniny využívajú. Pod...
Salvato in:
| Autore principale: | |
|---|---|
| Altri autori: | |
| Natura: | Capitolo di libro |
| Lingua: | slovacco |
| Soggetti: | |
| Tags: |
Nessun Tag, puoi essere il primo ad aggiungerne!!
|
MARC
| LEADER | 00000naa a2200000 4500 | ||
|---|---|---|---|
| 001 | r045729 | ||
| 005 | 20230921114105.6 | ||
| 041 | 0 | |a slo | |
| 044 | |a SK | ||
| 245 | 1 | 0 | |a Slovensko potichu obmedzilo daňové prázdniny |c Rado Baťo, Peter Kremský |
| 520 | |a Novelou zákona o daniach z príjmov v júni 2002 poslanci obmedzili poskytovanie daňových prázdnin pre zahraničných investorov. O daňových prázdninách bude rozhodovať Úrad pre štátnu pomoc (ÚŠP). Obmedzenia pre zahraničných investorov. Problém, čo s investormi, ktorí už daňové prázdniny využívajú. Podobné problémy majú aj Česko a Poľsko. | ||
| 610 | 2 | 0 | |a offshore |
| 610 | 2 | 0 | |a zákony |
| 610 | 2 | 0 | |a novelizácia |
| 610 | 2 | 0 | |a dane z príjmov |
| 610 | 2 | 0 | |a investori |
| 610 | 2 | 0 | |a investície zahraničné |
| 610 | 2 | 0 | |a investície zo zahraničia |
| 610 | 2 | 0 | |a Slovensko |
| 100 | 1 | |a Baťo, Rado | |
| 700 | 1 | |a Kremský, Peter | |